000 01026nam a22003137a 4500
003 CHAP
005 20220329135010.0
008 971013s1985 r 00010 d
010 _a29289
011 _a30261
035 _a34373
040 _cCHAP
090 _aTesis
100 0 0 _aContreras Carranza, Mario L.
_927470
245 _aDemanda nacional de trigo y factores que la determinan
260 _aChapingo, Méx. :
_bEl autor,
_c1985
300 _a114 h.
502 _aTesis (Ing. Agr. Esp. en Economía Agrícola) -- UACH. Departamento de Economía Agrícola
590 _aALEPH
_b10
_c20130110
_lUCH01
_h1251
590 _aBATCH-UPD
_b10
_c20130110
_lUCH01
_h1834
590 _aBATCH-UPD
_b10
_c20130410
_lUCH01
_h1205
590 _aBATCH-UPD
_b10
_c20130914
_lUCH01
_h1838
590 _aCONVERSION
_b10
_c20130109
_lUCH01
_h1317
650 1 4 _aTrigo
_xAspectos económicos
_zMéxico.
_9114979
650 1 4 _aTrigo
_xPrecios.
_9115080
901 _aBK
942 _cTESIS
949 _bBC
_cTES
_d-79605
_eTS1
_h19198
_i34373
_si
999 _c29289
_d29289